00980nam a2200253 450000100060000000300080000600500170001400800410003103500190007204000270009104100080011808200240012610000220015024501450017226000400031730000210035750000970037850400260047565000220050170000420052394200120056599900170057795201320059463861BD-RjUL20211209081237.0170204s1966 nyu b 000 0 eng  a(BD-RjUL)63991 aDLCcSUCdBD-RjULbeng1 aeng 223a891.5bSAG 19660 aSaʿdī.918961414aThe Gulistan :bor Rose garden, of Saʿdī /cTranslated by Edward Rehatsek. Edited with a pref. by W. g. Archer, Introd. by G. M. Wickens. aNew York :bCapricorn Books,c1966. a256 p. ;c22 cm. a"The present edition ... follows the complete and unexpurgated translation printed in 1888." aIncludes Bibliography a Saʻdī91896151 aRehatsek, Edward,d1819-1891.9189616 2ddccBK c63861d63861 00102ddc40718NFICaRUCLbRUCLcReadingd1971-07-28eZeitlingerl0o891.5 SAG 1966r2017-02-04 00:00:00tC-1w2017-02-04yBK